000
00318nam a2200133Ia 4500
005
20251222144630.0
008
251222s9999||||xx |||||||||||||| ||spa||
020
_a
84-234-0240-1
082
_a
658.159/E79
100
_a
Escudero, Laureano
245
0
_a
La Simulación en la Empresa
264
_b
Deusto
942
_c
LIB
999
_c
16283
_d
16283